000 00555nam a2200193Ia 4500
003 GCL
008 140319s9999 xx 000 0 eng d
040 _aGCL /
_cGCL
082 0 4 _a629.8
_bL U
100 1 _aLEONARD, NAOMI EHRICH
245 1 0 _aUSING MATLAB TO ANALYZE AND DESIGN CONTROL SYSTEMS /
_cLEONARD, NAOMI EHRICH
700 1 _aLEVINE, WILLIAM S.
260 _a[S.N] :
_bTHE BENJAMIN\ CUMMINGS PUBLISHING COMPAN ،
_c1995
300 _a212 P
650 0 4 _aAUTOMATIC CONTROL
650 0 4 _aSYSTEM DESIGN
650 0 4 _aMATLAB
942 _2ddc
_cBK
999 _c23832
_d23832